Luchas "muy otras" : (Record no. 158231)

MARC details
000 -CABECERA
campo de control de longitud fija 01189cam a2200301 a 4500
003 - IDENTIFICADOR DEL NÚMERO DE CONTROL
campo de control MX-MxUPN
005 - FECHA Y HORA DE LA ÚLTIMA TRANSACCIÓN
campo de control 20260328064229.0
008 - ELEMENTOS DE LONGITUD FIJA--INFORMACIÓN GENERAL
campo de control de longitud fija 120810s2011 mx o r 000 0 spa d
020 ## - NÚMERO INTERNACIONAL NORMALIZADO PARA LIBROS
Número Internacional Estándar del Libro 9786074775068 (UAM)
020 ## - NÚMERO INTERNACIONAL NORMALIZADO PARA LIBROS
Número Internacional Estándar del Libro 9786074861327 (CIESAS)
035 ## - NÚMERO DE CONTROL DEL SISTEMA
Número de control de sistema UPN01000186128
040 ## - FUENTE DE LA CATALOGACIÓN
Centro catalogador/agencia de origen MX-MxUPN
Lengua de catalogación spa
041 ## - CÓDIGO DE IDIOMA
Código de lengua del texto/banda sonora o título independiente spa
050 #4 - SIGNATURA TOPOGRÁFICA DE LA BIBLIOTECA DEL CONGRESO
Número de clasificación F1256
Número de documento/Ítem L8.2
245 00 - MENCIÓN DE TÍTULO
Título Luchas "muy otras" :
Resto del título Zapatismo y autonomía en las comunidades indígenas de Chiapas
250 ## - MENCIÓN DE EDICIÓN
Mención de edición Primera edición
260 ## - PUBLICACIÓN, DISTRIBUCIÓN, ETC.
Lugar de publicación, distribución, etc. México, D.F. :
Nombre del editor, distribuidor, etc. Centro de Investigaciones y Estudios Superiores en Antropología Social :
-- Universidad Autónoma Metropolitana, Unidad Xochimilco
260 ## - PUBLICACIÓN, DISTRIBUCIÓN, ETC.
Lugar de publicación, distribución, etc. San Cristóbal de las Casas Chiapas :
Nombre del editor, distribuidor, etc. Universidad Autónoma de Chiapas ,
Fecha de publicación, distribución, etc. 2011
300 ## - DESCRIPCIÓN FÍSICA
Extensión 577 páginas :
Otras características físicas fotografías
490 0# - MENCIÓN DE SERIE
Mención de serie Colección Teoría y análisis
610 24 - ASIENTO SECUNDARIO DE MATERIA - NOMBRE CORPORATIVO
Nombre de entidad corporativa o nombre de jurisdicción como elemento de entrada Ejército Zapatista de Liberación Nacional (México)
9 (RLIN) 6134
650 #4 - ASIENTO SECUNDARIO DE MATERIA - TERMINO TEMATICO
Término de materia o nombre geográfico como elemento de entrada Educación primaria
Subdivisión geográfica Chiapas
9 (RLIN) 18487
650 #2 - ASIENTO SECUNDARIO DE MATERIA - TERMINO TEMATICO
Término de materia o nombre geográfico como elemento de entrada Autonomía
9 (RLIN) 3054
651 #4 - ASIENTO SECUNDARIO DE MATERIA - NOMBRE GEOGRAFICO
Nombre geográfico Chiapas
Subdivisión general Historia
Subdivisión cronológica Levantamiento campesino, 1994
9 (RLIN) 6135
700 1# - ASIENTO SECUNDARIO--NOMBRE DE PERSONAL
Nombre de persona Baronnet, Bruno
Código de función/relación coordinación
9 (RLIN) 50709
902 ## - ELEMENTOS DE DATOS B LOCAL, LDB (RLIN)
Modificó VíctorGodínez/270326
942 ## - ELEMENTOS DE PUNTO DE ACCESO ADICIONAL (KOHA)
Fuente del sistema de clasificación o colocación Library of Congress Classification
Tipo de ítem Koha Libro
Holdings
Estado de retiro Estado de pérdida Fuente del sistema de clasificación o colocación Estado dañado No para préstamo Código de colección Localización permanente Ubicación/localización actual Ubicación en estantería Fecha de adquisición Total de préstamos Renovaciones totales Clasificación Código de barras Fecha visto por última vez Fecha del último préstamo Número de copia Tipo de ítem Koha Enumeración/cronología de publicación seriada Precio válido a partir de
    Library of Congress Classification     Colección General Bib. Gregorio Torres Quintero Bib. Gregorio Torres Quintero Planta baja 11/03/2022 8 2 F1256 L8.2 325728 14/03/2023 10/02/2023 1 Libro    
    Library of Congress Classification     Colección General Bib. Gregorio Torres Quintero Bib. Gregorio Torres Quintero Planta baja   25   F1256 L8.2 284353 31/12/2020   1 Libro    
    Library of Congress Classification     Colección General Bib. Gregorio Torres Quintero Bib. Gregorio Torres Quintero Planta baja 29/09/2023 28 1 F1256 L8.2 284355 17/10/2023 29/09/2023 1 Libro    
    Library of Congress Classification     Colección General Bib. Gregorio Torres Quintero Bib. Gregorio Torres Quintero Planta baja 27/03/2026     F1256 L8.2 339321 27/03/2026     Libro Ej.4 27/03/2026